Podróż po miastach województwa mazowieckiego - Statystyki

Ogólne statystyki
  • Ten quiz został rozwiązany 121 razy
  • Średni wynik to 15 z 40
Odpowiedzi na mapie
Odpowiedzi zakodowano w zielono-czerwonej skali na mapie do tego quizu, zgodnie z poniższymi procentami.
 
Statystyki odpowiedzi
Trasa % Poprawnych
Początek {Warszawa}
100%
Ząbki
73%
Marki
62%
Zielonka
53%
Legionowo
50%
Wołomin
50%
Nowy Dwór Mazowiecki
49%
Kobyłka
47%
Łomianki
46%
Radzymin
44%
Pruszków
39%
Zakroczym
39%
Błonie
38%
Grodzisk Mazowiecki
38%
Czerwińsk nad Wisłą
37%
Ożarów Mazowiecki
37%
Piaseczno
37%
Sochaczew
37%
Żyrardów
37%
Piastów
36%
Wyszogród
36%
Podkowa Leśna
35%
Brwinów
34%
Konstancin-Jeziorna
34%
Mszczonów
34%
Grójec
33%
Góra Kalwaria
32%
Otwock
31%
Tarczyn
31%
Wiskitki
30%
Józefów
27%
Koniec {Sulejówek}
26%
Sanniki
25%
Karczew
24%
Mińsk Mazowiecki
24%
Warka
24%
Halinów
23%
Magnuszew
18%
Osieck
16%
Pilawa
16%
Nie znaleziono quizów pasujących do podanych kryteriów
Rozkład punktacji
Procent ludzi z każdym wynikiem
Percentyl według liczby udzielonych odpowiedzi
Twoja historia wyników
Nie rozwiązałeś tego quizu